Star Wars Characters- Mandalorian - Statistics

General Stats
  • This quiz has been taken 109 times
  • The average score is 14 of 20
Answer Stats
Hint Answer % Correct
Bounty Hunter Din Djarin
95%
Jedi & Foundling Grogu
94%
Clone Bounty Hunter Boba Fett
85%
Assassin Droid IG-11
84%
Jedi Master who took The Child Luke Skywalker
84%
Former Jedi Ahsoka Tano
83%
Mandalorian Leader of the Nite Owls Bo-Katan Kryze
78%
Led an Imperial Remnant Moff Gideon
78%
Assassin; Partner of Above Fennec Shand
76%
Former Rebel Shock Trooper Cara Dune
75%
Astromech with Above R2-D2
71%
Bounty Hunters' Guild Leader Greef Karga
61%
Children of the Watch Tribe Member Paz Vizsla
58%
Ugnaught; Ally of The Child Kuiil
56%
Children of the Watch Tribe Leader The Armorer
54%
Killed by Fett at the end of Season 2 Bib Fortuna
48%
Tatooine Hanger Bay Owner Peli Motto
48%
Imperial Clone Engineer Doctor Pershing
43%
Imperial; Hired Mando The Client
43%
Mercenary; Former Imperial Sniper Migs Mayfeld
40%
No matching quizzes found
Score Distribution
Percent of People with Each Score
Percentile by Number Answered
Your Score History
You have not taken this quiz